000 00463nam a2200169Ia 4500
999 _c14127
_d14127
003 OSt
005 20201027095457.0
008 190216s9999||||xx |||||||||||||| ||und||
040 _coclc
082 _a904
_bCAN/G
100 _aCanning, John
_93387
245 0 _a100 Great Adventures /
_cJohn Canning
260 _bRupa & Co,
_c1993.
_aNew Delhi:
300 _a672p
650 _aEnglish Novel
942 _cBK
_2ddc
_h904
_iCAN/G
_k904
_mCAN/G